Consciousness in Indian philosophy : The Advaita doctrine of 'awareness only' (Record no. 22601)

MARC details
000 -LEADER
fixed length control field 01338cam a2200241 a 4500
020 ## - INTERNATIONAL STANDARD BOOK NUMBER
ISBN 0415776775 (hardback : alk. paper)
020 ## - INTERNATIONAL STANDARD BOOK NUMBER
ISBN 9780415776776 (hardback : alk. paper)
020 ## - INTERNATIONAL STANDARD BOOK NUMBER
ISBN 0203889177 (ebook)
020 ## - INTERNATIONAL STANDARD BOOK NUMBER
ISBN 9780203889176 (ebook)
082 00 - DEWEY DECIMAL CLASSIFICATION NUMBER
Classification number 181.482
Author Cutter TIM
100 1# - MAIN ENTRY--AUTHOR NAME
Author name Timalsina, Sthaneshwar,
245 10 - TITLE STATEMENT
Title Consciousness in Indian philosophy : The Advaita doctrine of 'awareness only'
260 ## - PUBLICATION, DISTRIBUTION, ETC. (IMPRINT)
Place of publication London ;
-- New York :
Name of publisher Routledge,
Year of publication 2009.
300 ## - PHYSICAL DESCRIPTION
Number of Pages xxii, 179 p. ;
490 1# - SERIES STATEMENT
Series statement Routledge Hindu studies series
505 0# - FORMATTED CONTENTS NOTE
Formatted contents note Pt. I. Sat -- 1. Establishment of 'awareness only' -- 2. Svaprakasata (self-awareness) -- 3. Ekajiva : the doctrine of solitary self-awareness -- 4. Existence and awareness -- Pt. II. Anirvacaniya -- 5. Avidya -- Pt. II. Asat -- 6. A critique of difference -- 7. A critique of 'object' -- Pt. IV. Comparisons -- 8. Cinmatra and cittamatra : the Advaita critique of Yogacara.
520 8# - SUMMARY, ETC.
Summary, etc This text centers on the analysis of pure consciousness as found in Advaita Vedanta, one of the main schools of Indian philosophy. Written lucidely and clearly, it reveals the depth and implications of Indian metaphysics and argument.
650 #0 - SUBJECT ADDED ENTRY--TOPICAL TERM
Topical Term Advaita.
650 #0 - SUBJECT ADDED ENTRY--TOPICAL TERM
Topical Term Consciousness.
856 41 - ELECTRONIC LOCATION AND ACCESS
Uniform Resource Identifier http://www.loc.gov/catdir/toc/ecip0817/2008018729.html
942 ## - ADDED ENTRY ELEMENTS (KOHA)
Koha item type Books
Holdings
Home library Current library Shelving location Date acquired Cost, normal purchase price Full call number Accession Number Koha item type
Henry Martyn Institute Library Henry Martyn Institute Library General stacks 01/29/2019 3271.00 181.482 TIM 25540 Books
                   Copyright © 2026 | Henry Martyn Institute | Hyderabad | TS-500052 | INDIA | Implemented by hmi.edu.in
Hit-Count:

Powered by Koha